[Event "23rd Int. Tournament "]
[Site "?"]
[Date "2015.09.03"]
[Round "8.19"]
[White "Vazelakis, Dimitrios"]
[Black "Stergiou, Georgios"]
[Result "1/2-1/2"]
[WhiteElo "2004"]
[BlackElo "1832"]
[PlyCount "61"]
[EventDate "2015.08.27"]

1. c4 Nf6 2. g3 g6 3. Bg2 Bg7 4. Nc3 O-O 5. e4 d6 6. Nge2 e5 7. O-O Nc6 8. d3
Be6 9. Nd5 Nh5 10. Be3 f5 11. exf5 gxf5 12. f4 Nf6 13. h3 Bxd5 14. cxd5 Ne7 15.
Nc3 Kh8 16. Rc1 a6 17. Rc2 exf4 18. Bxf4 Ng6 19. Bg5 h6 20. Be3 Qd7 21. Rcf2
Ne7 22. Rf4 Qe8 23. Bd4 Qg6 24. g4 fxg4 25. hxg4 c5 26. dxc6 Nxc6 27. Be4 Qg5
28. Rf5 Qh4 29. Bxf6 Rxf6 30. Rxf6 Bxf6 31. Qf3 1/2-1/2

[Event "23rd Int. Tournament "]
[Site "?"]
[Date "2015.09.03"]
[Round "8.20"]
[White "Haralabidis, Tengkiz"]
[Black "Krallis, Christos"]
[Result "1-0"]
[WhiteElo "1991"]
[BlackElo "1835"]
[PlyCount "42"]
[EventDate "2015.08.27"]

1. e4 c5 2. Nc3 Nc6 3. f4 g6 4. Nf3 Bg7 5. Bc4 d6 6. O-O e6 7. f5 gxf5 8. d3
Nf6 9. exf5 d5 10. Bb5 exf5 11. Re1+ Kf8 12. Bxc6 bxc6 13. Bg5 Be6 14. Qd2 h6
15. Bh4 d4 16. Na4 Qd6 17. Bg3 Qe7 18. Nh4 Nd7 19. Nxf5 Qf6 20. Bd6+ Kg8 21.
Nxg7 Qxg7 1-0

[Event "23rd Int. Tournament "]
[Site "?"]
[Date "2015.09.03"]
[Round "8.1"]
[White "Dermatas, Marios"]
[Black "Bastianou, Chrysoula"]
[Result "1/2-1/2"]
[WhiteElo "1301"]
[BlackElo "1430"]
[PlyCount "146"]
[EventDate "2015.08.27"]

1. d4 Nf6 2. Nf3 e6 3. c4 b6 4. Nc3 Bb4 5. Qb3 Bxc3+ 6. Qxc3 h6 7. e3 O-O 8.
Bd3 Bb7 9. Qc2 d6 10. e4 c5 11. Bd2 cxd4 12. Nxd4 Nbd7 13. O-O Ne5 14. Rfe1 Rc8
15. b3 d5 16. exd5 Nxd3 17. Qxd3 exd5 18. Nf5 dxc4 19. Qxd8 Rcxd8 20. Bb4 Rfe8
21. Nd6 Rxe1+ 22. Rxe1 Rd7 23. bxc4 Bc6 24. f3 Nh5 25. Nf5 Ba4 26. g3 Rc7 27.
Rc1 Bd7 28. Bd6 Rb7 29. Ne7+ Kh7 30. Kf2 Be6 31. Ke3 Rd7 32. Ba3 Nf6 33. f4 g6
34. Nc8 Ng4+ 35. Ke2 Nxh2 36. c5 bxc5 37. Bxc5 Bxa2 38. Bxa7 Rb7 39. Bd4 Ng4
40. Nd6 Re7+ 41. Kd2 Rd7 42. Rc8 f6 43. Nb5 Kg7 44. Rc7 Rxc7 45. Nxc7 Kf7 46.
Bc5 f5 47. Nb5 Nf6 48. Nc3 Bc4 49. Ke3 Bd5 50. Nxd5 Nxd5+ 51. Kd4 Nc7 52. Ke3
g5 53. fxg5 hxg5 54. Kf3 Nd5 55. Ba3 Ke6 56. Bc1 g4+ 57. Kf2 Ke5 58. Bd2 Ke4
59. Ke2 Nb6 60. Bf4 Nc4 61. Kf2 Nb2 62. Ke2 Nd3 63. Bh6 Nc5 64. Bf4 Nd7 65. Bg5
Nf8 66. Bc1 Ng6 67. Bg5 Nf8 68. Bc1 Ne6 69. Be3 Ng7 70. Bf4 Nh5 71. Bc7 Nxg3+
72. Bxg3 f4 73. Bxf4 Kxf4 1/2-1/2

[Event "23rd Int. Tournament "]
[Site "?"]
[Date "2015.09.03"]
[Round "8.2"]
[White "Agriopoulos, Konstantinos"]
[Black "Stamatis, Ioannis"]
[Result "1/2-1/2"]
[WhiteElo "1693"]
[BlackElo "1497"]
[PlyCount "84"]
[EventDate "2015.08.27"]

1. d4 Nf6 2. c4 e6 3. Nc3 Bb4 4. Qc2 d6 5. Bg5 h6 6. Bxf6 Qxf6 7. e3 Bxc3+ 8.
Qxc3 Nd7 9. Nf3 e5 10. Nd2 Qe7 11. d5 a5 12. e4 O-O 13. g3 Nc5 14. Bg2 f5 15.
a3 f4 16. O-O a4 17. Rae1 Qg5 18. Nf3 Qh5 19. Nd2 Qg6 20. h3 h5 21. Kh2 Qh6 22.
h4 Bg4 23. Bh3 Nd7 24. Bxg4 hxg4 25. Kg2 Kf7 26. f3 Nf6 27. Rh1 Qg6 28. fxg4
Nxg4 29. Qf3 Kg8 30. h5 Qg5 31. Rh4 Ne3+ 32. Kh3 Nc2 33. Rg1 Nd4 34. Qg4 Qxg4+
35. Rxg4 f3 36. h6 Rf6 37. hxg7 Rh6+ 38. Rh4 Kxg7 39. Rxh6 Kxh6 40. Rf1 Rf8 41.
Kg4 Rg8+ 42. Kh4 Rf8 1/2-1/2

[Event "23rd Int. Tournament "]
[Site "?"]
[Date "2015.09.03"]
[Round "8.3"]
[White "Bouza, Mirto - Eleni"]
[Black "Katsiampas, Efthymios"]
[Result "0-1"]
[WhiteElo "1291"]
[BlackElo "1586"]
[PlyCount "164"]
[EventDate "2015.08.27"]

1. e4 c5 2. Nf3 d6 3. d4 cxd4 4. Nxd4 Nf6 5. Nc3 a6 6. Be2 e5 7. Nb3 Be7 8. O-O
O-O 9. Kh1 b6 10. f3 Bb7 11. Qe1 d5 12. exd5 Nxd5 13. Nxd5 Qxd5 14. Qg3 Qe6 15.
Be3 Nd7 16. Rad1 Rfd8 17. Rd2 Nf6 18. Rfd1 Nd5 19. Bg5 Kh8 20. Bxe7 Qxe7 21. c4
Nf4 22. Rxd8+ Rxd8 23. Rxd8+ Qxd8 24. Qf2 Qd6 25. c5 bxc5 26. Qxc5 Qxc5 27.
Nxc5 Nxe2 28. Nxb7 Nc1 29. a3 Nb3 30. Kg1 Kg8 31. Kf2 Kf8 32. Nd6 Ke7 33. Nc4
Ke6 34. Ke3 Kd5 35. Kd3 Nc1+ 36. Kc3 Ne2+ 37. Kb4 Nf4 38. g3 Nd3+ 39. Kc3 Nc5
40. b4 Ne6 41. a4 Nc7 42. Ne3+ Kc6 43. Kc4 g6 44. Nd1 f5 45. Nc3 Na8 46. b5+
axb5+ 47. axb5+ Kd6 48. Na4 Nc7 49. b6 Na6 50. Kb5 Nb8 51. Nc5 Kd5 52. Na6 Nd7
53. b7 e4 54. fxe4+ fxe4 55. b8=Q Nxb8 56. Nxb8 e3 57. Na6 e2 58. Nb4+ Kd4 59.
Nc2+ Kd3 60. Ne1+ Kd2 61. Nf3+ Ke3 62. Ne1 Kf2 63. Nd3+ Kf1 64. Kc5 e1=Q 65.
Nxe1 Kxe1 66. Kd5 Kf2 67. g4 Kf3 68. h3 Kg3 69. Ke4 Kxh3 70. Kf4 Kh4 71. g5 Kh5
72. Kf3 Kxg5 73. Kg3 h5 74. Kh3 Kf4 75. Kg2 g5 76. Kh2 Kf3 77. Kh3 g4+ 78. Kh2
Kf2 79. Kh1 h4 80. Kh2 g3+ 81. Kh1 g2+ 82. Kh2 g1=Q+ 0-1

[Event "23rd Int. Tournament "]
[Site "?"]
[Date "2015.09.03"]
[Round "8.4"]
[White "Pogiatzis, Grigorios"]
[Black "Kolyvas-Dimitrakarakos, Panagi"]
[Result "1-0"]
[WhiteElo "1471"]
[BlackElo "1267"]
[PlyCount "103"]
[EventDate "2015.08.27"]

1. e4 d5 2. exd5 Qxd5 3. Nf3 a6 4. d4 Bg4 5. Be2 Nf6 6. c4 Qh5 7. h3 e6 8. O-O
Bf5 9. Qb3 b6 10. Bf4 Bxb1 11. Raxb1 Nc6 12. Qa4 b5 13. cxb5 Nb8 14. b6+ Nbd7
15. bxc7 Nd5 16. Qc6 Rc8 17. Ne5 Rxc7 18. Qa8+ Ke7 19. Bxh5 Nxf4 20. Nxd7 Rxd7
21. Bf3 g6 22. Qxa6 Bg7 23. Rbc1 Bxd4 24. Qa3+ Kf6 25. Rc4 Rhd8 26. Qa4 e5 27.
b4 Nd3 28. Qb3 Nf4 29. a4 h5 30. b5 Ne6 31. Rfc1 Kg7 32. Rc8 h4 33. Rxd8 Rxd8
34. Bd5 Nc5 35. Rxc5 Bxc5 36. b6 Bxb6 37. Qxb6 Rxd5 38. Kf1 Kh6 39. a5 Kg7 40.
a6 Kh7 41. a7 Rd1+ 42. Ke2 Ra1 43. Qb7 Kg7 44. a8=Q Rxa8 45. Qxa8 f6 46. Qc6 g5
47. Kf3 Kg6 48. Kg4 Kg7 49. Kf5 Kf7 50. Qxf6+ Ke8 51. Ke6 g4 52. Qe7# 1-0

[Event "23rd Int. Tournament "]
[Site "?"]
[Date "2015.09.03"]
[Round "8.5"]
[White "Koutis, Pavlos"]
[Black "Papakonstantinou, Georgios"]
[Result "1/2-1/2"]
[WhiteElo "1244"]
[BlackElo "1354"]
[PlyCount "78"]
[EventDate "2015.08.27"]

1. e4 c5 2. Nf3 d6 3. d4 cxd4 4. Nxd4 Nf6 5. Nc3 a6 6. Bg5 e6 7. f4 Be7 8. Qf3
Qc7 9. O-O-O Nbd7 10. Bd3 b5 11. Rhe1 Bb7 12. Qg3 b4 13. Nd5 Bxd5 14. exd5 Nxd5
15. Bxe7 Nxe7 16. Qxg7 Rf8 17. Bxh7 O-O-O 18. Nxe6 fxe6 19. Qxe7 Nc5 20. Qxc7+
Kxc7 21. g4 Rxf4 22. g5 Rh4 23. g6 Rxh2 24. Rh1 Rxh1 25. Rxh1 Ne4 26. Rg1 Nf6
27. g7 Ng8 28. Rf1 Nh6 29. Rf8 Rd7 30. g8=Q Nxg8 31. Bxg8 e5 32. Kd2 Rg7 33.
Rf7+ Rxf7 34. Bxf7 Kc6 35. c3 a5 36. c4 Kc5 37. a3 bxa3 38. bxa3 Kd4 39. Bd5 e4
1/2-1/2

[Event "23rd Int. Tournament "]
[Site "?"]
[Date "2015.09.04"]
[Round "9.1"]
[White "Kouskoutis, Georgios-Alexandro"]
[Black "Kapnisis, Spyridon"]
[Result "1/2-1/2"]
[WhiteElo "2128"]
[BlackElo "2455"]
[PlyCount "54"]
[EventDate "2015.08.27"]
[TimeControl "120+26"]
[WhiteClock "0:00:10"]
[BlackClock "0:00:30"]

1. d4 Nf6 2. c4 c5 3. d5 b5 4. cxb5 a6 5. bxa6 g6 6. Nc3 Bg7 7. g3 d6 8. Bg2
O-O 9. Nf3 Nxa6 10. O-O Qb6 11. Nd2 Nc7 12. Rb1 Bb7 13. Nc4 Qb4 14. Ne3 Nd7 15.
a3 Qb6 16. Bd2 Ba6 17. b4 cxb4 18. Rxb4 Qa7 19. Nc2 Nc5 20. Nd4 Bb7 21. Ndb5
Qa5 22. Nxc7 Qxc7 23. Nb5 Qd7 24. Be3 Ra5 25. Nd4 Rxa3 26. Nc6 Ra1 27. Rb1 Rxb1
1/2-1/2

[Event "23rd Int. Tournament "]
[Site "?"]
[Date "2015.09.04"]
[Round "9.2"]
[White "Grigoriadis, Alexandros"]
[Black "Karagiannis, Athanasios"]
[Result "0-1"]
[WhiteElo "2153"]
[BlackElo "2232"]
[PlyCount "68"]
[EventDate "2015.08.27"]
[TimeControl "120+28"]
[WhiteClock "0:00:17"]
[BlackClock "0:00:25"]

1. d4 d5 2. c4 c6 3. Nf3 Nf6 4. Nbd2 Bf5 5. Nh4 Bg6 6. Nxg6 hxg6 7. g3 dxc4 8.
Nxc4 Qd5 9. Qb3 Nbd7 10. f3 O-O-O 11. Bf4 g5 12. Be3 e5 13. O-O-O exd4 14. Bxd4
Nc5 15. Qc2 b5 16. e4 Qe6 17. Na3 Rxd4 18. Rxd4 Qxa2 19. Kd1 Kb7 20. Nb1 Ne6
21. Rd3 Bb4 22. Nd2 Qa1+ 23. Ke2 g4 24. Bg2 gxf3+ 25. Nxf3 Qa5 26. Nd4 Nxd4+
27. Rxd4 Qb6 28. Rxb4 Ng4 29. Kf3 Ne5+ 30. Kf4 Ng6+ 31. Kf3 Ne5+ 32. Ke2 Ng4
33. Ke1 Qe3+ 34. Kf1 Rd8 0-1

[Event "23rd Int. Tournament "]
[Site "?"]
[Date "2015.09.04"]
[Round "9.3"]
[White "Korniotis, Filippos"]
[Black "Nikolaou, Georgios"]
[Result "1/2-1/2"]
[WhiteElo "2006"]
[BlackElo "2317"]
[PlyCount "99"]
[EventDate "2015.08.27"]
[TimeControl "120+22"]
[WhiteClock "0:00:42"]
[BlackClock "0:00:11"]

1. d4 Nf6 2. c4 g6 3. Nc3 Bg7 4. e4 d6 5. f3 O-O 6. Be3 c5 7. Nge2 Nc6 8. d5
Ne5 9. Ng3 h5 10. Be2 h4 11. Nf1 e6 12. f4 Neg4 13. Bxg4 Nxg4 14. Qxg4 exd5 15.
f5 d4 16. Nd5 dxe3 17. Nfxe3 Bh6 18. g3 Qg5 19. gxh4 Qxg4 20. Nxg4 Bg7 21. Ne7+
Kh7 22. Nxc8 gxf5 23. Nxd6 fxg4 24. O-O-O Bd4 25. Rhf1 Kg6 26. Rd3 Rad8 27.
Nxb7 Bxb2+ 28. Kc2 Rxd3 29. Kxd3 Be5 30. Ke3 Rh8 31. Rf5 f6 32. h5+ Rxh5 33.
Rxh5 Bd4+ 34. Kf4 Kxh5 35. Kg3 Kg5 36. a4 Be5+ 37. Kg2 Bd4 38. Kg3 Be5+ 39. Kg2
Kf4 40. Nxc5 Bd6 41. Na6 Ke3 42. c5 Bxh2 43. c6 Bd6 44. c7 Bxc7 45. Nxc7 Kxe4
46. Nb5 a5 47. Kg3 Kd5 48. Kxg4 Kc5 49. Kf5 Kb4 50. Na7 1/2-1/2

[Event "23rd Int. Tournament "]
[Site "?"]
[Date "2015.09.04"]
[Round "9.4"]
[White "Nikolaou, Spiridon"]
[Black "Drakoulakos, Grigorios"]
[Result "0-1"]
[WhiteElo "2096"]
[BlackElo "2233"]
[PlyCount "70"]
[EventDate "2015.08.27"]
[TimeControl "120+32"]
[WhiteClock "0:00:20"]
[BlackClock "0:00:19"]

1. d4 Nf6 2. c4 e6 3. Nf3 c5 4. e3 d5 5. cxd5 exd5 6. Be2 Nc6 7. O-O Bd6 8.
dxc5 Bxc5 9. a3 a6 10. Nbd2 O-O 11. b4 Ba7 12. Bb2 Re8 13. Nb3 Ne4 14. Nbd4 Qd6
15. Nxc6 bxc6 16. Rc1 Bd7 17. Nd4 Bb8 18. g3 a5 19. Qc2 axb4 20. axb4 Rc8 21.
b5 c5 22. Bf3 Ba7 23. Ne2 Bf5 24. Qb3 c4 25. Qd1 Rd8 26. Nd4 Bh3 27. Bg2 Bd7
28. f3 Nc5 29. Bc3 Re8 30. Qd2 Nb3 31. Qf2 Nxc1 32. Rxc1 Bc5 33. Rb1 Ra3 34.
Qd2 Qb6 35. Kf2 Rxe3 0-1

[Event "23rd Int. Tournament "]
[Site "?"]
[Date "2015.09.04"]
[Round "9.5"]
[White "Gazis, Efstathios"]
[Black "Poulopoulos, Ioannis"]
[Result "1-0"]
[WhiteElo "2146"]
[BlackElo "2133"]
[PlyCount "105"]
[EventDate "2015.08.27"]
[TimeControl "120+14"]
[WhiteClock "0:00:38"]
[BlackClock "0:00:25"]

1. e4 c5 2. Nf3 d6 3. d4 cxd4 4. Nxd4 Nf6 5. Nc3 a6 6. Be2 e5 7. Nb3 Be7 8. O-O
O-O 9. Kh1 Be6 10. f4 exf4 11. Bxf4 Nc6 12. Qe1 Ne5 13. Rd1 Qc7 14. Qg3 Rfd8
15. Nd4 Ng6 16. Bg5 Qc5 17. Nf5 Bxf5 18. exf5 Nf8 19. Bh6 g6 20. fxg6 hxg6 21.
Be3 Qb4 22. Bd4 N8h7 23. a3 Qa5 24. Qe3 Re8 25. Bc4 Qh5 26. Qg3 Rac8 27. Bb3 d5
28. Rde1 Rcd8 29. h3 b5 30. Re5 Bd6 31. Rxe8+ Nxe8 32. Qf2 Ng5 33. Nxd5 Rd7 34.
Re1 Ne6 35. Bc3 a5 36. Nb6 Bc5 37. Qf1 Bxb6 38. Rxe6 fxe6 39. Bxe6+ Kh7 40.
Bxd7 Ng7 41. Bxb5 Nf5 42. Qf3 Qg5 43. Qb7+ Kh6 44. Qxb6 Ng3+ 45. Kh2 Qf4 46.
Kg1 Qc1+ 47. Kf2 Qf4+ 48. Kg1 Qc1+ 49. Kh2 Qf4 50. Bd2 Nf1+ 51. Kg1 Nxd2 52.
Qf2 Qd6 53. Bd3 1-0

[Event "23rd Int. Tournament "]
[Site "?"]
[Date "2015.09.04"]
[Round "9.6"]
[White "Sideris, Theodoros"]
[Black "Gkikas, Hristos"]
[Result "1/2-1/2"]
[WhiteElo "1992"]
[BlackElo "1983"]
[PlyCount "90"]
[EventDate "2015.08.27"]

1. e4 c6 2. d4 d5 3. e5 Bf5 4. Nf3 e6 5. Be2 c5 6. Be3 Nd7 7. c3 Ne7 8. dxc5
Nc6 9. b4 Ndxe5 10. Nd4 Nxd4 11. cxd4 Nc4 12. Na3 Nxa3 13. Qa4+ Qd7 14. Qxa3
Be7 15. Bd3 Bxd3 16. Qxd3 O-O 17. O-O b6 18. Rab1 Rac8 19. Qa6 bxc5 20. bxc5
Rc6 21. Rb7 Rxa6 22. Rxd7 Bf6 23. Rc1 Rxa2 24. c6 Rc8 25. Rb7 Kf8 26. g4 h6 27.
f4 Re2 28. g5 Bxg5 29. fxg5 Rxe3 30. Rf1 f5 31. gxf6 gxf6 32. Rxf6+ Kg8 33.
Rg6+ Kf8 34. Rxh6 Kg8 35. Rg6+ Kf8 36. Rf6+ Kg8 37. Kf2 Re4 38. Rg6+ Kh8 39.
Rh6+ Kg8 40. Rg6+ Kh8 41. Rf6 Rxd4 42. Rxe6 Rc4 43. Rh6+ Kg8 44. Rg6+ Kh8 45.
Rh6+ Kg8 1/2-1/2

[Event "23rd Int. Tournament "]
[Site "?"]
[Date "2015.09.04"]
[Round "9.7"]
[White "Zygouris, Hristos"]
[Black "Alexakis, Dimitrios"]
[Result "1-0"]
[WhiteElo "2210"]
[BlackElo "2197"]
[PlyCount "45"]
[EventDate "2015.08.27"]
[TimeControl "120+20"]
[WhiteClock "0:00:40"]
[BlackClock "0:00:25"]

1. e4 c5 2. Nf3 d6 3. Bb5+ Nc6 4. Bxc6+ bxc6 5. O-O e5 6. c3 Bg4 7. h3 Bh5 8.
Re1 Be7 9. d4 cxd4 10. cxd4 exd4 11. g4 Bg6 12. Qxd4 Qb6 13. Qa4 Kf8 14. Nc3
Nf6 15. e5 Nd7 16. Be3 Qb7 17. exd6 Bxd6 18. Rad1 Be7 19. Bf4 Re8 20. Qd4 Nf6
21. Rxe7 Rxe7 22. Bd6 c5 23. Bxc5 1-0

[Event "23rd Int. Tournament "]
[Site "?"]
[Date "2015.09.04"]
[Round "9.8"]
[White "Pandelidis, Ioannis"]
[Black "Tsiros, Fragkiskos Vlasios"]
[Result "1-0"]
[WhiteElo "2114"]
[BlackElo "2216"]
[PlyCount "81"]
[EventDate "2015.08.27"]
[TimeControl "120+24"]
[WhiteClock "0:00:27"]
[BlackClock "0:00:15"]

1. e4 e5 2. Nf3 Nc6 3. Nc3 g6 4. d4 exd4 5. Nxd4 Bg7 6. Be3 Nge7 7. Qd2 O-O 8.
O-O-O d5 9. Nxc6 bxc6 10. Bh6 Be6 11. Bxg7 Kxg7 12. Be2 dxe4 13. Nxe4 Qxd2+ 14.
Nxd2 Nf5 15. Bc4 Bd5 16. Bxd5 cxd5 17. Nf3 c6 18. Nd4 Ne7 19. Rhe1 Kf6 20. Rd3
Rfe8 21. Rf3+ Kg7 22. Kd2 c5 23. Rfe3 cxd4 24. Rxe7 Reb8 25. b3 Rb6 26. Rd7 Rf6
27. Re2 Rf5 28. Kd3 a5 29. Kxd4 a4 30. Rxd5 Rf4+ 31. Kd3 axb3 32. axb3 Ra1 33.
Kc3 Rh1 34. g3 Rf3+ 35. Rd3 Rxd3+ 36. Kxd3 Rxh2 37. c4 g5 38. c5 Rh1 39. c6 Rc1
40. Rc2 Rd1+ 41. Ke4 1-0

[Event "23rd Int. Tournament "]
[Site "?"]
[Date "2015.09.04"]
[Round "9.11"]
[White "Nathanail, Emanouel"]
[Black "Pountzas, Hrisanthos"]
[Result "1/2-1/2"]
[WhiteElo "1985"]
[BlackElo "2128"]
[PlyCount "76"]
[EventDate "2015.08.27"]
[TimeControl "120+17"]
[WhiteClock "0:00:08"]
[BlackClock "0:00:22"]

1. e4 c5 2. Nf3 d6 3. d4 cxd4 4. Nxd4 Nf6 5. Nc3 Nc6 6. Bc4 Qb6 7. Ndb5 a6 8.
Na3 e6 9. O-O Be7 10. Bb3 Qc7 11. Bf4 O-O 12. Nc4 Rd8 13. a4 Ne5 14. Qe2 Bd7
15. Be3 Nxc4 16. Qxc4 Qxc4 17. Bxc4 Rdc8 18. Be2 Bc6 19. f3 d5 20. exd5 Nxd5
21. Nxd5 Bxd5 22. Bd3 Bf6 23. c3 Rd8 24. Bc2 b5 25. axb5 axb5 26. Bc5 g6 27.
Rfd1 Kg7 28. Kf2 h5 29. Ra3 Rxa3 30. Bxa3 Be5 31. g3 h4 32. Be4 hxg3+ 33. hxg3
Bc7 34. Bxd5 Bb6+ 35. Ke2 exd5 36. b3 Kf6 37. Kd3 Re8 38. Bc1 Rc8 1/2-1/2

[Event "23rd Int. Tournament "]
[Site "?"]
[Date "2015.09.04"]
[Round "9.12"]
[White "Delithanasis, Dimitrios"]
[Black "Salahidou, Reveka"]
[Result "0-1"]
[WhiteElo "2105"]
[BlackElo "1975"]
[PlyCount "72"]
[EventDate "2015.08.27"]
[TimeControl "120+17"]
[WhiteClock "0:00:07"]
[BlackClock "0:00:23"]

1. Nf3 Nf6 2. c4 d6 3. d4 g6 4. Nc3 Bg7 5. e4 O-O 6. Be2 e5 7. O-O Nc6 8. d5
Ne7 9. Ne1 Nd7 10. Be3 f5 11. f3 f4 12. Bf2 g5 13. Rc1 b6 14. b4 Nf6 15. c5
bxc5 16. bxc5 h5 17. cxd6 cxd6 18. Nb5 g4 19. Qb3 Ne8 20. Kh1 Qd7 21. a4 g3 22.
hxg3 fxg3 23. Bxg3 Ng6 24. Nd3 Bh6 25. Rc6 a6 26. Na3 Qg7 27. Bf2 h4 28. Nc4
Ne7 29. Rb6 Rf6 30. Rb8 Rxb8 31. Qxb8 Rg6 32. Nb6 Rxg2 33. Nxc8 h3 34. Nxe7+
Kh7 35. Ne1 Bf4 36. Bg1 Qg3 0-1

[Event "23rd Int. Tournament "]
[Site "?"]
[Date "2015.09.04"]
[Round "9.13"]
[White "Mavrikakis, Georgios"]
[Black "Grigoriadis, Mihail"]
[Result "1-0"]
[WhiteElo "1954"]
[BlackElo "2099"]
[PlyCount "91"]
[EventDate "2015.08.27"]

1. e4 c5 2. Nf3 Nc6 3. Bb5 Qc7 4. O-O e6 5. Re1 Nge7 6. Nc3 a6 7. Bf1 Ng6 8. d4
cxd4 9. Nxd4 Bd6 10. g3 Nxd4 11. Qxd4 h5 12. Be3 Ne5 13. Be2 b5 14. f4 Ng4 15.
Bxg4 hxg4 16. Qxg7 Rf8 17. Bd4 Bb7 18. Qg5 Be7 19. Qxg4 O-O-O 20. Qf3 f5 21. a3
Bd6 22. Qf2 Rde8 23. Rad1 Rg8 24. Be5 Bxe5 25. fxe5 Rg4 26. Rd6 f4 27. Red1
fxg3 28. hxg3 Reg8 29. R1d3 Bc6 30. Ne2 R8g7 31. Rc3 Kb7 32. Nd4 Qc8 33. Nxc6
dxc6 34. Kg2 Qe8 35. Qd4 Rc7 36. a4 Qg6 37. axb5 axb5 38. Rdxc6 Rxc6 39. Qd7+
Kb8 40. Qxc6 Qxe4+ 41. Qxe4 Rxe4 42. Rc5 Rb4 43. b3 Kb7 44. Kf3 Kb6 45. Rc3 Rd4
46. Rd3 1-0

[Event "23rd Int. Tournament "]
[Site "?"]
[Date "2015.09.04"]
[Round "9.14"]
[White "Kostouros, Alexandros"]
[Black "Koutsogiannis, Efthymios"]
[Result "1-0"]
[WhiteElo "2082"]
[BlackElo "1960"]
[PlyCount "105"]
[EventDate "2015.08.27"]

1. e4 e5 2. Nf3 Nc6 3. d4 exd4 4. Nxd4 Nf6 5. Nxc6 bxc6 6. Bd3 d5 7. Nc3 Bb4 8.
Bd2 O-O 9. O-O Re8 10. Nxd5 cxd5 11. Bxb4 dxe4 12. Bb5 Bd7 13. Bxd7 Qxd7 14.
Qxd7 Nxd7 15. Rad1 Rad8 16. Rd2 Nb6 17. Rfd1 Rxd2 18. Rxd2 f6 19. b3 Kf7 20.
Bc5 a6 21. Kf1 Re5 22. Bxb6 cxb6 23. Rd7+ Re7 24. Rd4 f5 25. Ke2 Ke6 26. c4 Rc7
27. Ke3 b5 28. h4 bxc4 29. Rxc4 Rxc4 30. bxc4 Ke5 31. g3 g6 32. f3 exf3 33.
Kxf3 h6 34. Ke3 g5 35. h5 a5 36. a4 f4+ 37. gxf4+ gxf4+ 38. Kf3 Kf5 39. c5 Ke5
40. c6 Kd6 41. Kxf4 Kxc6 42. Ke5 Kc5 43. Kf6 Kb4 44. Kg6 Kxa4 45. Kxh6 Kb3 46.
Kg5 a4 47. h6 a3 48. h7 Kc2 49. h8=Q Kb1 50. Qb8+ Kc2 51. Qe5 Kb1 52. Qe1+ Kb2
53. Qb4+ 1-0

[Event "23rd Int. Tournament "]
[Site "?"]
[Date "2015.09.04"]
[Round "9.15"]
[White "Roinos, Ilias"]
[Black "Beliotis, Georgios"]
[Result "1-0"]
[WhiteElo "2055"]
[BlackElo "1954"]
[PlyCount "71"]
[EventDate "2015.08.27"]

1. e4 e6 2. d3 d5 3. Nd2 c5 4. Ngf3 Nc6 5. g3 Nf6 6. Bg2 Be7 7. O-O O-O 8. Re1
b5 9. e5 Nd7 10. Nf1 a5 11. h4 Ba6 12. h5 b4 13. N1h2 Bb5 14. Ng4 c4 15. Bf4
cxd3 16. cxd3 Nc5 17. Bf1 d4 18. Rc1 Na4 19. Rc2 Rc8 20. Re4 Qd5 21. h6 g6 22.
Bg5 Bxg5 23. Nxg5 f5 24. Nf6+ Rxf6 25. exf6 fxe4 26. f7+ Kh8 27. Nxe4 Rf8 28.
Qf3 Qf5 29. Qxf5 exf5 30. Nd6 Ne5 31. f4 Nxf7 32. Nxf7+ Kg8 33. Ne5 Rd8 34. Rc7
Be8 35. Bg2 Nb6 36. Rg7+ 1-0

[Event "23rd Int. Tournament "]
[Site "?"]
[Date "2015.09.04"]
[Round "9.16"]
[White "\, Georgios"]
[Black "Sienczewski, Zbigniew"]
[Result "0-1"]
[WhiteElo "1907"]
[BlackElo "2048"]
[PlyCount "90"]
[EventDate "2015.08.27"]

1. e4 g6 2. d4 Bg7 3. Nc3 d6 4. f3 c6 5. Be3 Nf6 6. Qd2 Qa5 7. g4 h5 8. g5 Nfd7
9. Bd3 c5 10. Nce2 Qxd2+ 11. Kxd2 cxd4 12. Bxd4 O-O 13. Bxg7 Kxg7 14. f4 Nc6
15. Nf3 Nc5 16. Ned4 Bg4 17. Rhf1 Bxf3 18. Nxf3 Rac8 19. a3 Rfd8 20. Rae1 d5
21. e5 e6 22. Rd1 a6 23. Ke2 b5 24. c3 Rc7 25. Bb1 Na4 26. Rd2 Na5 27. Rc2 Rdc8
28. Nd4 Nb6 29. Ba2 Nbc4 30. h4 Nb7 31. Nb3 Rb8 32. Rfc1 Kf8 33. Kf3 Ke7 34.
Ke2 a5 35. Kf2 a4 36. Nd4 Nc5 37. Rd1 Ne4+ 38. Kf3 Rb6 39. Ke2 Nxb2 40. Rxb2
Nxc3+ 41. Kd2 Nxd1 42. Kxd1 Rc3 43. Rxb5 Rxb5 44. Nxb5 Rh3 45. Bb1 Rb3 0-1

[Event "23rd Int. Tournament "]
[Site "?"]
[Date "2015.09.04"]
[Round "9.17"]
[White "Pessiridis, Isaak"]
[Black "Tsomis, Dimitrios"]
[Result "1-0"]
[WhiteElo "1763"]
[BlackElo "2019"]
[PlyCount "85"]
[EventDate "2015.08.27"]

1. e4 c5 2. Nc3 Nc6 3. f4 e6 4. Nf3 Nge7 5. Bb5 a6 6. Bxc6 Nxc6 7. O-O Be7 8.
d3 O-O 9. a4 d5 10. Ne5 f6 11. Nxc6 bxc6 12. a5 Rb8 13. Qe1 Bd6 14. Na4 Bd7 15.
c4 Re8 16. e5 Bf8 17. Nb6 f5 18. h3 Re7 19. b4 cxb4 20. c5 Be8 21. d4 Bh5 22.
Rf2 h6 23. Qxb4 Reb7 24. g3 g5 25. Kh2 Rg7 26. Be3 Rg6 27. Qd2 Rb7 28. Qd3 gxf4
29. Rxf4 Ra7 30. Raf1 Be7 31. g4 Bg5 32. gxh5 Bxf4+ 33. Bxf4 Rgg7 34. Bxh6 Rh7
35. Qg3+ Kh8 36. Qg6 Raf7 37. Bg5 Qf8 38. Bf6+ Rxf6 39. exf6 Rh6 40. Qg7+ Qxg7
41. fxg7+ Kxg7 42. Nd7 Rxh5 43. Ne5 1-0

[Event "23rd Int. Tournament "]
[Site "?"]
[Date "2015.09.04"]
[Round "9.18"]
[White "Trimitzios, Petros"]
[Black "Sakaridis, Emmanouil"]
[Result "1/2-1/2"]
[WhiteElo "2006"]
[BlackElo "1939"]
[PlyCount "124"]
[EventDate "2015.08.27"]

1. d4 e6 2. c4 d5 3. Nf3 Nf6 4. g3 Be7 5. Bg2 O-O 6. O-O dxc4 7. Qa4 a6 8. Qxc4
b5 9. Qc2 Bb7 10. Bd2 Bd6 11. Bg5 Nbd7 12. Nbd2 c5 13. dxc5 Nxc5 14. Rad1 Rc8
15. Qb1 h6 16. Be3 Qe7 17. Rc1 Rc7 18. Rfd1 Rfc8 19. Bh3 Nce4 20. Rxc7 Qxc7 21.
Nxe4 Bxe4 22. Qc1 Qxc1 23. Rxc1 Rxc1+ 24. Bxc1 Bd5 25. a3 b4 26. axb4 Bxb4 27.
Bd2 Bc5 28. Bc3 Nd7 29. Nd2 Bb6 30. Bg2 Bxg2 31. Kxg2 f6 32. Kf3 Kf7 33. e3 Ke7
34. Ke2 Kd6 35. Nc4+ Kc6 36. Nxb6 Nxb6 37. Kd3 Kb5 38. b3 a5 39. Bb2 Kb4 40.
Bc3+ Kb5 41. Bd2 Nd7 42. h3 h5 43. f3 Nc5+ 44. Kc3 Nd7 45. e4 Nc5 46. Bc1 a4
47. bxa4+ Nxa4+ 48. Kd4 Kc6 49. e5 f5 50. g4 fxg4 51. fxg4 hxg4 52. hxg4 Nb6
53. Ke4 Kd7 54. Kf4 Ke8 55. Kg5 Kf7 56. Kf4 Nd5+ 57. Ke4 Ne7 58. Bg5 Nd5 59.
Kd4 Kg6 60. Bd2 Kf7 61. Kc5 Ne7 62. Kd6 Nd5 1/2-1/2

[Event "23rd Int. Tournament "]
[Site "?"]
[Date "2015.09.04"]
[Round "9.19"]
[White "Gkikas, Vasilios"]
[Black "Sidiropoulos, Nikolaos"]
[Result "1/2-1/2"]
[WhiteElo "1825"]
[BlackElo "2005"]
[PlyCount "118"]
[EventDate "2015.08.27"]

1. e4 g6 2. d4 Bg7 3. Nc3 c6 4. Be3 d6 5. Be2 Nd7 6. f4 a6 7. Qd2 b5 8. a3 Bb7
9. Nf3 Ngf6 10. e5 Ng4 11. Bg1 f6 12. exd6 exd6 13. f5 Nh6 14. fxg6 hxg6 15.
Qd3 f5 16. O-O-O Qe7 17. h3 O-O-O 18. Bf2 Rde8 19. Rde1 g5 20. Nd2 Qf6 21. Rhf1
d5 22. Bg1 Qd6 23. Nf3 Bf6 24. Bh2 f4 25. Bd1 Rxe1 26. Nxe1 c5 27. Bg1 cxd4 28.
Bxd4 Ne5 29. Bxe5 Qxe5 30. Bf3 Rd8 31. Qg6 Ng8 32. Nd3 Qd6 33. Re1 Bxc3 34.
Qxd6 Bxb2+ 35. Kxb2 Rxd6 36. Re8+ Rd8 37. Re5 Nh6 38. Rxg5 Rf8 39. Rh5 Rf6 40.
Rh4 d4 41. Bxb7+ Kxb7 42. Rxf4 Rxf4 43. Nxf4 Kc6 44. Kb3 a5 45. a4 bxa4+ 46.
Kxa4 Kc5 47. g4 Kc4 48. g5 Nf5 49. g6 Kc3 50. Ne6 d3 51. cxd3 Kxd3 52. h4 Ne7
53. h5 Ke4 54. g7 Kf5 55. h6 Kg6 56. h7 Kxh7 57. Kxa5 Nf5 58. Kb5 Nxg7 59. Nxg7
Kxg7 1/2-1/2